Das Geschichtsbild des "Kirchenkampfes" in der evangelischen Landeskirche in Württemberg nach 1945

Saved in:  
Bibliographic Details
Main Author: Lächele, Rainer 1961- (Author)
Format: Print Article
Language:German
Check availability: HBZ Gateway
Interlibrary Loan:Interlibrary Loan for the Fachinformationsdienste (Specialized Information Services in Germany)
Published: 2006
In: Von der babylonischen Gefangenschaft der Kirche im Nationalen
Year: 2006, Pages: 471-482
Further subjects:B Church history studies
B Schäfer, Gerhard (1923-2003)
B National Socialism
B Church press
B Obituary
B Kirche und Nationalsozialismus
B Evangelische Landeskirche in Württemberg
B History 1945-2000
B Journal
B Image
B 20. Jahrhundert 1945-2000
B Evangelisches Gemeindeblatt für Württemberg <Zeitschrift>

MARC

LEADER 00000caa a22000002c 4500
001 1444648659
003 DE-627
005 20241219204228.0
007 tu
008 121113s2006 gw ||||| 00| ||ger c
020 |a 3889811892 
035 |a (DE-627)1444648659 
035 |a (DE-576)374648654 
035 |a (DE-599)BSZ374648654 
040 |a DE-627  |b ger  |c DE-627  |e rakwb 
041 |a ger 
044 |c XA-DE 
084 |a 1  |2 ssgn 
084 |a 07  |2 bwlb 
084 |a 735  |2 bwlb 
084 |a 991  |2 bwlb 
100 1 |0 (DE-588)172746310  |0 (DE-627)697677834  |0 (DE-576)172206863  |4 aut  |a Lächele, Rainer  |d 1961- 
109 |a Lächele, Rainer 1961- 
245 1 4 |a Das Geschichtsbild des "Kirchenkampfes" in der evangelischen Landeskirche in Württemberg nach 1945  |c Rainer Lächele 
264 1 |c 2006 
336 |a Text  |b txt  |2 rdacontent 
337 |a ohne Hilfsmittel zu benutzen  |b n  |2 rdamedia 
338 |a Band  |b nc  |2 rdacarrier 
600 1 7 |0 (DE-588)12059143X  |0 (DE-627)080766102  |0 (DE-576)213304759  |a Schäfer, Gerhard  |d 1923-2003  |2 gnd  |7 (dpeaa)DE-631 
601 |a Geschichtsbild 
601 |a Kirchenkampf 
601 |a Landeskirche 
601 |a Evangeliar 
601 |a Württemberg 
610 2 7 |0 (DE-588)2010129-6  |0 (DE-627)101681364  |0 (DE-576)191649589  |a Evangelische Landeskirche in Württemberg  |2 gnd  |7 (dpeaa)DE-631 
648 7 |a Geschichte 1945-2000  |2 gnd  |7 (dpeaa)DE-631 
648 4 |a 20. Jahrhundert 1945-2000  |0 (DE-631)36182  |7 (dpeaa)DE-631 
650 0 7 |0 (DE-588)4006627-7  |0 (DE-627)106376888  |0 (DE-576)208866353  |a Bildnis  |2 gnd  |7 (dpeaa)DE-631 
650 7 |a Kirchenkampf  |0 (DE-631)28452  |2 DE-631  |7 (dpeaa)DE-631 
650 7 |a Kirche und Nationalsozialismus  |0 (DE-631)31852  |2 DE-631  |7 (dpeaa)DE-631 
650 0 7 |0 (DE-588)4132980-6  |0 (DE-627)105683531  |0 (DE-576)209640111  |a Kirchliche Presse  |2 gnd  |7 (dpeaa)DE-631 
650 7 |a Evangelisches Gemeindeblatt für Württemberg <Zeitschrift>  |0 (DE-631)55071  |2 DE-631  |7 (dpeaa)DE-631 
650 4 |a Kirchengeschichte  |0 (DE-631)9884  |7 (dpeaa)DE-631 
655 7 |a Nachruf  |0 (DE-588)4128540-2  |0 (DE-627)105716634  |0 (DE-576)209602953  |2 gnd-content 
655 7 |a Zeitschrift  |0 (DE-588)4067488-5  |0 (DE-627)10454466X  |0 (DE-576)20917000X  |2 gnd-content 
773 0 8 |i In  |t Von der babylonischen Gefangenschaft der Kirche im Nationalen  |d Berlin : Wichern-Verlag, 2006  |g (2006), Seite 471-482  |h 550 S.  |w (DE-627)509027644  |w (DE-576)254450156  |z 3889811892  |7 nnam 
773 1 8 |g year:2006  |g pages:471-482 
889 |w (DE-576)466591225 
889 |w (DE-627)1874737207 
889 |w (DE-627)153659122X 
935 |a BWLB  |a mteo 
951 |a AR 
ELC |b 1 
ITA |a 1 
LOK |0 000 xxxxxcx a22 zn 4500 
LOK |0 001 2836628308 
LOK |0 003 DE-627 
LOK |0 004 1444648659 
LOK |0 005 20150326144319 
LOK |0 008 150326||||||||||||||||ger||||||| 
LOK |0 040   |a DE-21-31  |c DE-627  |d DE-21-31 
LOK |0 852   |a DE-21-31 
LOK |0 852 1  |c El V a 166  |m p  |9 00 
LOK |0 938   |k p 
LOK |0 939   |a 26-03-15  |b l01 
LOK |0 000 xxxxxcx a22 zn 4500 
LOK |0 001 2915949425 
LOK |0 003 DE-627 
LOK |0 004 1444648659 
LOK |0 005 20241219204228 
LOK |0 008 160404||||||||||||||||ger||||||| 
LOK |0 040   |a DE-Tue135  |c DE-627  |d DE-Tue135 
LOK |0 092   |o n 
LOK |0 852   |a DE-Tue135 
LOK |0 852 1  |9 00 
LOK |0 935   |a ixko  |a ixmi 
LOK |0 939   |a 04-04-16  |b l01 
ORI |a SA-MARC-ixtheoa001.raw 
STA 0 0 |a Church history studies,Church,Church history,Church history,Church press,Ecclesiastical press,Image,Portrait,National Socialism,Third Reich,Kirchenkampf,Kirchenkampf 
STB 0 0 |a Histoire de l’Église,Histoire de l’Église,Histoire du christianisme (discipline),Histoire du christianisme,Portrait,Presse ecclésiastique,Église et nazisme <1933-1945>,Kirchenkampf,Kirchenkampf 
STC 0 0 |a Historia eclesiástica,Historia eclesiástica,Historia eclesiástica,Iglesias durante el nazismo,Prensa eclesial,Retrato 
STD 0 0 |a Kirchenkampf,Ritratto,Stampa ecclesiastica,Storia della Chiesa,Storia della Chiesa 
STE 0 0 |a 教会历史研究,教会,教会报刊,教会斗争,肖像 
STF 0 0 |a 教會報刊,教會歷史研究,教會,教會鬥爭,肖像 
STG 0 0 |a História eclesiástica,História eclesiástica,Igrejas durante o nazismo,Imprensa eclesial,Retrato 
STH 0 0 |a Борьба церкви и государства (1933-1945),История церкви (дисциплина),История церкви,Портрет,Церковная пресса 
STI 0 0 |a Kirchenkampf (1933-1945),Εκκλησιαστική Ιστορία (μάθημα),Εκκλησιαστική Ιστορία,Εκκλησιαστικός Τύπος,Προσωπογραφία,Πορτρέτο 
SYA 0 0 |a Schäfer, Gottlob Gerhard,1923-2003 
SYB 0 0 |a Evangelische Kirche Württembergs,Evangelische Kirche in Württemberg,Württembergische Evangelische Landeskirche,Württembergische Landeskirche,Landeskirche Württemberg,Evangelisch-Lutherische Landeskirche in Württemberg,Evangelisch-Lutherische Kirche in Württemberg,Evang. Landeskirche in Württemberg,Ev. Landeskirche in Württemberg,Evangelical Church in Württemberg,Evangelische Landeskirche Württemberg 
SYE 0 0 |a Porträt,Portrait , Kirchenpresse , Kirche